K významu nového ponímania marketingu v podmienkach európskeho trhu

Hlavné trendy súčasnosti pôsobiace na marketing. Charakteristika euromarketingu. Marketingová koncepcia pre európsky trh. Klasifikácia oblastí marketingovej koncepcie.

Salvato in:
Dettagli Bibliografici
Autore principale: Francová, Zuzana, 1971-
Natura: Capitolo di libro
Lingua:slovacco
Soggetti:
Tags: Aggiungi Tag
Nessun Tag, puoi essere il primo ad aggiungerne!!

MARC

LEADER 00000naa$a2200000$$$4500
001 0045738
005 20240502071529.1
041 0 |a slo 
044 |a SK 
245 1 0 |a K významu nového ponímania marketingu v podmienkach európskeho trhu  |c Zuzana Francová 
520 |a Hlavné trendy súčasnosti pôsobiace na marketing. Charakteristika euromarketingu. Marketingová koncepcia pre európsky trh. Klasifikácia oblastí marketingovej koncepcie. 
610 2 0 |a marketing 
610 2 0 |a euromarketing 
610 2 0 |a globalizácia 
610 2 0 |a firmy 
610 2 0 |a zákazníci 
100 1 |a Francová, Zuzana, 1971-